| 000 | 00358nam a22001577a 4500 | ||
|---|---|---|---|
| 003 | SGT | ||
| 020 | _a978-0443-10396-4 | ||
| 082 | _a618.90, F08M | ||
| 100 | _aMCNTOSH, NEIL | ||
| 245 | _aFORFAR, &ARNEIL'S TEXTBOOK OF PEDIATRICS | ||
| 250 | _a7TH | ||
| 260 |
_aEDINBURGH _bCHURCHILL _c2008 |
||
| 300 | _a1734 | ||
| 650 | _aPEDIATRICS | ||
| 942 |
_2ddc _cBK |
||
| 999 |
_c8431 _d8431 |
||